Our dream to globalize rubber business toward 21st century (Record no. 64497)

MARC details
000 -LEADER
fixed length control field 00454nam a22001097a 4500
100 ## - MAIN ENTRY--AUTHOR NAME
Personal name Kitamura Dick H
245 #0 - TITLE STATEMENT
Title Our dream to globalize rubber business toward 21st century
260 ## - PUBLICATION, DISTRIBUTION, ETC. (IMPRINT)
Name of publisher Proceedings of the International Rubber Marketing Conference 1996 held in Phuket, 11-13 April.roceedings of the International Rubber Marketing Conference 1996 held in Phuket, 11-13 April.p197-200
650 ## - SUBJECT ADDED ENTRY--TOPICAL TERM
Topical Term Rubber exchange
942 ## - ADDED ENTRY ELEMENTS (KOHA)
Koha item type Journals
Holdings
Withdrawn status Lost status Damaged status Not for loan Home library Current library Shelving location Date acquired Koha item type
      Journals RRII Library RRII Library Agricultural economics 17/12/2021 Journals